000 00541cam a2200205ua 4500
001 8347
008 150128n ii |||gr||||Z||||||eng
020 _a8170230411
040 _cMAIN
041 _aeng
082 _a820
100 _aDaiches, D.,
_eAuthor.
245 1 _aCritical history of english literature :
_bVol I /
_cBy David Daiches .
250 _a2nd.
260 _aNew Delhi:
_bAllied,
_c1994.
300 _aviii,244p.
653 _aEnglish.& Old English literatures
653 _aHistoy of english literature
942 _cBK
999 _c7458
_d7458